Otrasl' i territorija Ekonomičeskij analiz

Na minha lista:
Detalhes bibliográficos
Autor principal: Bitunov, Vladimir Vladimirovič
Formato: Livro
Idioma:russo
Publicado em: Moskva Mysl' 1987
Edição:1. izd.
Tags: Adicionar Tag
Sem tags, seja o primeiro a adicionar uma tag!

MARC

LEADER 00000nam a2200000 4500
001 c034279
005 20221219133253.4
041 0 |a rus 
044 |a RU 
245 1 0 |a Otrasl' i territorija  |b Ekonomičeskij analiz  |c Vladimir Vladimirovič Bitunov 
250 |a 1. izd. 
264 1 |a Moskva  |b Mysl'  |c 1987 
300 |a 235 s. 
100 1 |a Bitunov, Vladimir Vladimirovič